<?xml version="1.0" encoding="UTF-8"?><?xml-stylesheet type="text/xsl" href="static/style.xsl"?><OAI-PMH xmlns="http://www.openarchives.org/OAI/2.0/" xmlns:xsi="http://www.w3.org/2001/XMLSchema-instance" xsi:schemaLocation="http://www.openarchives.org/OAI/2.0/ http://www.openarchives.org/OAI/2.0/OAI-PMH.xsd"><responseDate>2026-04-17T23:14:48Z</responseDate><request verb="GetRecord" identifier="oai:riubu.ubu.es:10259/9016" metadataPrefix="marc">https://riubu.ubu.es/oai/request</request><GetRecord><record><header><identifier>oai:riubu.ubu.es:10259/9016</identifier><datestamp>2024-05-20T07:20:10Z</datestamp><setSpec>com_10259_9006</setSpec><setSpec>com_10259_5086</setSpec><setSpec>com_10259_2604</setSpec><setSpec>com_10259_5501</setSpec><setSpec>col_10259_9007</setSpec><setSpec>col_10259_5502</setSpec></header><metadata><record xmlns="http://www.loc.gov/MARC21/slim" xmlns:doc="http://www.lyncode.com/xoai" xmlns:xsi="http://www.w3.org/2001/XMLSchema-instance" xmlns:dcterms="http://purl.org/dc/terms/" xsi:schemaLocation="http://www.loc.gov/MARC21/slim http://www.loc.gov/standards/marcxml/schema/MARC21slim.xsd">
<leader>00925njm 22002777a 4500</leader>
<datafield tag="042" ind1=" " ind2=" ">
<subfield code="a">dc</subfield>
</datafield>
<datafield tag="720" ind1=" " ind2=" ">
<subfield code="a">Boulagouas, Wafa</subfield>
<subfield code="e">author</subfield>
</datafield>
<datafield tag="720" ind1=" " ind2=" ">
<subfield code="a">García Herrero, Susana</subfield>
<subfield code="e">author</subfield>
</datafield>
<datafield tag="720" ind1=" " ind2=" ">
<subfield code="a">Chaib, Rachid</subfield>
<subfield code="e">author</subfield>
</datafield>
<datafield tag="720" ind1=" " ind2=" ">
<subfield code="a">Febres Eguiguren, Juan Diego</subfield>
<subfield code="e">author</subfield>
</datafield>
<datafield tag="720" ind1=" " ind2=" ">
<subfield code="a">Mariscal Saldaña, Miguel Ángel</subfield>
<subfield code="e">author</subfield>
</datafield>
<datafield tag="720" ind1=" " ind2=" ">
<subfield code="a">Djebabra, Mébarek</subfield>
<subfield code="e">author</subfield>
</datafield>
<datafield tag="260" ind1=" " ind2=" ">
<subfield code="c">2020-09</subfield>
</datafield>
<datafield tag="520" ind1=" " ind2=" ">
<subfield code="a">Road traffic plays a vital role in countries’ economic growth and future development. However, traffic accidents are considered a major public health issue affecting humankind. Despite efforts by governments to improve traffic safety, the misalignment between the policy efforts and on-ground infringements, distractions and breaches reflect the regulatory failure. This paper uses the Bayesian network method to investigate unsafe behaviors and traffic accidents involving unlicensed drivers as a perspective for the regulatory alignment assessment. The findings suggest that: (1) unlicensed drivers are more likely to have unsafe driving behaviors; (2) the probability of being involved in a severe traffic accident increases when the drivers are unlicensed and decreases in the case of licensed drivers; (3) young drivers are noticeably more likely to engage in unsafe behaviors, usually leading to serious injuries and deaths, when their driving licenses are invalid; (4) women are more likely to engage in right-of-way violations and to have collisions with no serious injuries, contrary to unlicensed men drivers, who are involved in other types of traffic accidents resulting in serious injuries.</subfield>
</datafield>
<datafield tag="024" ind2=" " ind1="8">
<subfield code="a">1660-4601</subfield>
</datafield>
<datafield tag="024" ind2=" " ind1="8">
<subfield code="a">http://hdl.handle.net/10259/9016</subfield>
</datafield>
<datafield tag="024" ind2=" " ind1="8">
<subfield code="a">10.3390/ijerph17186743</subfield>
</datafield>
<datafield tag="024" ind2=" " ind1="8">
<subfield code="a">1660-4601</subfield>
</datafield>
<datafield ind1=" " ind2=" " tag="653">
<subfield code="a">Alignment</subfield>
</datafield>
<datafield ind1=" " ind2=" " tag="653">
<subfield code="a">Regulatory</subfield>
</datafield>
<datafield ind1=" " ind2=" " tag="653">
<subfield code="a">Behaviors</subfield>
</datafield>
<datafield ind1=" " ind2=" " tag="653">
<subfield code="a">Drivers</subfield>
</datafield>
<datafield ind1=" " ind2=" " tag="653">
<subfield code="a">Bayesian</subfield>
</datafield>
<datafield ind1=" " ind2=" " tag="653">
<subfield code="a">Network</subfield>
</datafield>
<datafield ind1=" " ind2=" " tag="653">
<subfield code="a">Traffic</subfield>
</datafield>
<datafield ind1=" " ind2=" " tag="653">
<subfield code="a">Accidents</subfield>
</datafield>
<datafield ind1=" " ind2=" " tag="653">
<subfield code="a">Unlicensed</subfield>
</datafield>
<datafield ind1=" " ind2=" " tag="653">
<subfield code="a">Unsafe</subfield>
</datafield>
<datafield tag="245" ind1="0" ind2="0">
<subfield code="a">An Investigation into Unsafe Behaviors and Traffic Accidents Involving Unlicensed Drivers: A Perspective for Alignment Measurement</subfield>
</datafield>
</record></metadata></record></GetRecord></OAI-PMH>